00778nam a2200193 a 450000100100000000500170001000800410002702000150006804000250008308200190010810000460012724500970017326000470027030000280031750000570034570000480040295201170045099900170056700004425520201002045240.0140611s2006 dr a 000 0 spa d a9945420143 aDO-SdBNPbspacBNPHU axxxxxxbxxxxxx1 aUbiera Hunt, Letty Milosis,d1957-97225910aVivencias del lechuguero /cLetty Milosis Ubiera Hunt ; prólogo José F. López Larache. aSanto Domingo :bAngeles de Fierro,c2006. a189 p. :bil. ;c21 cm. aIncluye datos biográficos del autor en las solapas1 aLópez Larache, José F.,epról.972260 0010718PDaPDbPDcHDd2014-06-11iLF1l0oxxxxxx xxxxxxp44255-10r2020-06-25w2020-06-25yLFPDZNo se presta c43744d43744